Larousse pocket; diccionario español-francés/francés-español /

Guardado en:
Autor Principal: Larousse Ed
Formato: Libro
Publicado: México : Larousse, 1999
Edición:2a. ed.
Materias:
Etiquetas: Agregar Etiqueta
Sin Etiquetas, Sea el primero en etiquetar este registro!
LEADER 01304nam a22003015a 4500
001 CEM.cems016461
008 130507s1999##################000#0#####d
005 20211206180420.0
003 CEMS
245 1 0 |a Larousse pocket; diccionario español-francés/francés-español /  |c Ed Larousse, 
250 |a 2a. ed. 
260 |a México :  |b Larousse,  |c 1999 
300 |a 365 p. 
020 |a 9706079572 
100 1 |a Larousse Ed 
082 0 4 |a 443.6 
653 |a Dicciónarios bilingues 
859 |a CEMS  |b BIB. CEMS - Agricultura  |h 443.6  |i L328a2  |p A0360.02  |t Ej.1 
859 |a CEMS  |b BIB. CEMS - 11 de abril  |h 443.6  |i L328a2  |p 20989.00  |t Ej.1 
859 |a CEMS  |b BIB. CEMS - Agricultura  |h 443.6  |i L328a2  |p A0361.02  |t Ej.2 
859 |a CEMS  |b BIB. CEMS - Agricultura  |h 443.6  |i L328a2  |p A0362.02  |t Ej.3 
859 |a CEMS  |b BIB. CEMS - Agricultura  |h 443.6  |i L328a2  |p A0363.02  |t Ej.4 
859 |a CEMS  |b BIB. CEMS - Agricultura  |h 443.6  |i L328a2  |p A0364.02  |t Ej.5 
859 |a CEMS  |b BIB. CEMS - Agricultura  |h 443.6  |i L328a2  |p A0365.02  |t Ej.6 
859 |a CEMS  |b BIB. CEMS - Agricultura  |h 443.6  |i L328a2  |p A0366.02  |t Ej.7 
859 |a CEMS  |b BIB. CEMS - Agricultura  |h 443.6  |i L328a2  |p A0367.02  |t Ej.8 
859 |a CEMS  |b BIB. CEMS - Agricultura  |h 443.6  |i L328a2  |p A0368.02  |t Ej.9 
859 |a CEMS  |b BIB. CEMS - Agricultura  |h 443.6  |i L328a2  |p A0369.02  |t Ej.10